|
|
|
|
| LEADER |
00000nam a2200000 i 4500 |
| 001 |
DIGUAOCCTE0068 |
| 003 |
NyNyDIG |
| 007 |
cr ||||||||||| |
| 008 |
210111s2013 ck a ob 000 0 spa d |
| 006 |
m o d |
| 035 |
|
|
|a (OCoLC)1230153592
|
| 040 |
|
|
|a DGITA
|b eng
|e rda
|e pn
|c DGITA
|
| 020 |
|
|
|z 9789588713397
|
| 050 |
1 |
4 |
|a SB353.5.P55 ebook
|
| 100 |
1 |
|
|a Molina Bastidas, Julio César,
|e author.
|
| 245 |
1 |
0 |
|a Principios básicos sobre el cultivo del hongo comestible Pleurotus spp /
|c Julio César Molina Bastidas [and 3 others]
|
| 264 |
|
1 |
|a Santiago de Cali, Colombia :
|b Universidad Autónoma de Occidente,
|c 2013.
|
| 300 |
|
|
|a 1 online resource :
|b illustrations.
|
| 336 |
|
|
|a text
|b txt
|2 rdacontent
|
| 337 |
|
|
|a computer
|b c
|2 rdamedia
|
| 338 |
|
|
|a online resource
|b cr
|2 rdacarrier
|
| 347 |
|
|
|a text file
|2 rdaft
|
| 347 |
|
|
|b PDF
|
| 504 |
|
|
|a Includes bibliographical references.
|
| 588 |
0 |
|
|a Online resource; title from PDF title page (Digitalia, viewed January 11, 2021)
|
| 650 |
|
0 |
|a Pleurotus
|x Culture.
|
| 650 |
|
0 |
|a Mushroom culture.
|
| 650 |
|
0 |
|a Mushrooms
|x Diseases and pests.
|
| 655 |
|
0 |
|a Electronic books.
|
| 791 |
2 |
|
|a Digitalia (Firm),
|e distributor.
|
| 793 |
0 |
|
|g Digitalia eBook Collection:
|a Universidad Autónoma de Occidente
|
| 776 |
0 |
8 |
|i Print version:
|a Molina Bastidas, Julio César.
|t Principios básicos sobre el cultivo del hongo comestible Pleurotus spp.
|b Primera edición.
|d Santiago de Cali : Universidad Autónoma de Occidente, 2013
|z 9789588713397
|
| 856 |
4 |
0 |
|3 Digitalia Hispánica
|u https://www.digitaliapublishing.com/a/50996/
|
| 910 |
|
|
|a Premium collection: 2021
|